000 00759nam a2200241Ia 4500
003 OSt
005 20220926005426.0
006 a|||||r|||| 00| 0
007 ta
008 220923b |||||||| |||| 00| 0 eng d
037 _cGeneral Book
040 _aRTL
_cRTL
_beng
041 _2eng
_aeng
082 _aY9(X:97D).2.N7, M0
100 _aChatterji Rakhahari
245 0 _aUnions, politics and the state
_b A study of Indian Lobour Politics
260 _a New Delhi
_bSouth Asian Publishers Pvt. Ltd.
_c1980
300 _aix, 268p
_ccm.
500 _aBibliography: P 251-60; Appendix: P 245-50
650 _aTrade Union Sociology
942 _hY9(X:97D).2.N7, M0
_cGB
_2CC
999 _c613810
_d613810